[Event "Open d'Aubagne 2018-2019"]
[Site "Aubagne"]
[Date "2018.11.24"]
[Round "3.24"]
[White "Piquemal, Jean Christophe"]
[Black "Periale, Albert"]
[Result "0-1"]
[WhiteElo "1078"]
[BlackElo "1267"]
[PlyCount "94"]
[EventDate "2018.??.??"]
[WhiteTeam "Marseille-Echecs"]
[BlackTeam "Cercle d'Echecs Aubagnais"]

1. d4 d5 2. c4 Nf6 3. Nc3 e6 4. Bg5 Nbd7 5. Nf3 c6 6. e3 Qa5 7. Bd3 dxc4 8.
Bxc4 Bb4 9. Qb3 Ne4 10. O-O Bxc3 11. bxc3 Nxg5 12. Nxg5 Qxg5 13. Qb4 Qe7 14.
Qxe7+ Kxe7 15. f4 Nb6 16. Bb3 f5 17. a4 Nd5 18. Bxd5 cxd5 19. a5 a6 20. Ra4 Bd7
21. Rb4 Bb5 22. Rf2 Rac8 23. Rc2 Rc4 24. Kf2 Rhc8 25. Rcb2 Rxc3 26. Kf3 R8c4
27. h4 h5 28. Rxb5 axb5 29. Rxb5 Rc7 30. g3 Kd6 31. Rb6+ R3c6 32. Rb5 Ra6 33.
Rb4 Rxa5 34. Rb6+ Ke7 35. Ke2 Ra2+ 36. Kf3 Ra6 37. Rb5 b6 38. Kg2 Rc6 39. Kf3
Ra5 40. Rb1 b5 41. g4 fxg4+ 42. Kg3 Rc3 43. Re1 Raa3 44. Kf2 b4 45. e4 g3+ 46.
Kg2 Ra2+ 47. Kg1 dxe4 0-1

[Event "Open d'Aubagne 2018-2019"]
[Site "Aubagne"]
[Date "2018.11.24"]
[Round "3.25"]
[White "Cayrou, Manon"]
[Black "Boudet, Nicole"]
[Result "1-0"]
[WhiteElo "1263"]
[BlackElo "1068"]
[PlyCount "89"]
[EventDate "2018.??.??"]
[WhiteTeam "Marseille-Echecs"]
[BlackTeam "Cercle d'Echecs Aubagnais"]

1. e4 c6 2. d4 d5 3. Bd3 Nf6 4. Nc3 h6 5. Nf3 dxe4 6. Nxe4 Nxe4 7. Bxe4 e6 8.
O-O Be7 9. Bf4 Na6 10. c4 Nc7 11. h3 O-O 12. Ne5 Bd7 13. Qg4 Bg5 14. Bxg5 Qxg5
15. Nxd7 Qxg4 16. hxg4 Rfd8 17. Ne5 Rxd4 18. Bf3 Rad8 19. Rad1 Ne8 20. b4 Kf8
21. b5 Rxd1 22. Rxd1 Rxd1+ 23. Bxd1 cxb5 24. cxb5 Nc7 25. a4 Ke7 26. Bf3 b6 27.
Nc6+ Kd6 28. Nxa7 Kc5 29. Nc6 Nd5 30. Bxd5 exd5 31. Kf1 d4 32. Ke2 Kc4 33. Kd2
Kc5 34. Kd3 g6 35. Nxd4 Kb4 36. Nb3 Kxa4 37. Kc4 f6 38. Nd4 h5 39. gxh5 gxh5
40. Nf3 f5 41. g3 Ka5 42. Nh4 Ka4 43. Nxf5 Ka5 44. f4 Ka4 45. Ng7 1-0

[Event "Open d'Aubagne 2018-2019"]
[Site "Aubagne"]
[Date "2018.11.24"]
[Round "3.26"]
[White "Madi, Chahinez"]
[Black "Garbe, Georges"]
[Result "1-0"]
[WhiteElo "1099"]
[BlackElo "1221"]
[PlyCount "113"]
[EventDate "2018.??.??"]
[WhiteTeam "La Ciotat Echecs (LCE)"]
[BlackTeam "Cercle d'Echecs Aubagnais"]

1. c4 f5 2. Nc3 Nf6 3. Nf3 e6 4. g3 c5 5. Bg2 Be7 6. O-O O-O 7. e3 d6 8. d4 Nc6
9. d5 Ne5 10. Rb1 Nxc4 11. Qd3 Nb6 12. Rd1 e5 13. e4 Nxe4 14. Ra1 h6 15. Nxe4
fxe4 16. Qxe4 Bf5 17. Qe3 Nc4 18. Qe2 e4 19. Qxc4 exf3 20. Bxf3 Bh3 21. Bg4
Bxg4 22. Qxg4 Bg5 23. Bxg5 Qxg5 24. Qe6+ Rf7 25. Qxd6 Qe7 26. Qxe7 Rxe7 27. d6
Rd7 28. Rd5 b6 29. Re1 Kh7 30. Re7 Rxe7 31. dxe7 Re8 32. Rd7 a5 33. Kg2 Kg8 34.
Kf3 Kf7 35. Ke4 Rxe7+ 36. Rxe7+ Kxe7 37. a4 Ke6 38. f4 g6 39. g4 Kf6 40. h4 g5
41. hxg5+ hxg5 42. f5 c4 43. Kd5 c3 44. bxc3 b5 45. axb5 a4 46. b6 a3 47. b7 a2
48. b8=Q a1=Q 49. Qd6+ Kf7 50. Qe6+ Kf8 51. Qd6+ Ke8 52. Qb8+ Kf7 53. Qc7+ Kf6
54. Qc4 Qd1+ 55. Kc6 Qh1+ 56. Kd7 Qh7+ 57. Kc8 1-0

[Event "Open d'Aubagne 2018-2019"]
[Site "Aubagne"]
[Date "2018.11.24"]
[Round "3.27"]
[White "Bhutra, Richard"]
[Black "Naam, Shedy"]
[Result "0-1"]
[WhiteElo "1010"]
[BlackElo "1221"]
[PlyCount "80"]
[EventDate "2018.??.??"]
[WhiteTeam "Club Provence Echecs"]
[BlackTeam "Marseille-Echecs"]

1. f4 d5 2. e3 Nf6 3. Nf3 Bf5 4. b3 Nc6 5. Bb2 e6 6. Nh4 Bc5 7. Nxf5 exf5 8.
Bd3 Qd7 9. O-O Qe6 10. Nc3 O-O-O 11. Qf3 Nb4 12. Bb5 c6 13. Be2 Rhg8 14. Na4
Be7 15. Ba3 Nxc2 16. Bxe7 Qxe7 17. Rac1 Nb4 18. Bb5 Kb8 19. Be2 Nxa2 20. Ra1
Nb4 21. Qh3 g6 22. Bd3 Nxd3 23. e4 dxe4 24. b4 Nxb4 25. Qb3 Rxd2 26. Rab1 a5
27. Nb6 Nfd5 28. Nxd5 Nxd5 29. Rf2 Rxf2 30. Kxf2 Nb4 31. Qa4 Qc5+ 32. Kf1 Qc4+
33. Kg1 Qd4+ 34. Kf1 Qd3+ 35. Kf2 Qxb1 36. Qxa5 Nd3+ 37. Ke2 Qc2+ 38. Ke3 Qc5+
39. Kd2 Qxa5+ 40. Ke2 Qe1# 0-1

[Event "Open d'Aubagne 2018-2019"]
[Site "Aubagne"]
[Date "2018.10.24"]
[Round "3.28"]
[White "Coppel, Victor"]
[Black "Timoner, Genevieve"]
[Result "1-0"]
[WhiteElo "1201"]
[BlackElo "1025"]
[PlyCount "55"]
[EventDate "2018.??.??"]
[WhiteTeam "L'Echiquier du Roy René"]
[BlackTeam "Club d'Echecs Pennois (CEP)"]

1. e4 c5 2. Nc3 Nc6 3. f4 g6 4. Nf3 Bg7 5. Bc4 e6 6. d3 Nge7 7. O-O O-O 8. Qe1
d5 9. Bb5 a6 10. Bxc6 Nxc6 11. Bd2 Nd4 12. Qc1 Nxf3+ 13. Rxf3 dxe4 14. Nxe4 Qb6
15. Kh1 Bxb2 16. Qb1 Bd7 17. Bc3 f6 18. Nxf6+ Rxf6 19. Bxf6 Bc6 20. Rg3 Qc7 21.
Qxb2 Rf8 22. Be5 Qd7 23. Rh3 Qd5 24. c4 Qd8 25. Qf2 h5 26. Qg3 Kh7 27. Rxh5+
gxh5 28. Qg7# 1-0

[Event "Open d'Aubagne 2018-2019"]
[Site "Aubagne"]
[Date "2018.11.24"]
[Round "3.29"]
[White "Roganova, Maxime"]
[Black "Pinet, Leo"]
[Result "0-1"]
[WhiteElo "1009"]
[BlackElo "1199"]
[PlyCount "98"]
[EventDate "2018.??.??"]
[WhiteTeam "Cercle d'Echecs Aubagnais"]
[BlackTeam "Club Provence Echecs"]

1. e4 e5 2. Nf3 Nc6 3. Bc4 Be7 4. d4 exd4 5. Nxd4 Ne5 6. Bf4 Nxc4 7. O-O d6 8.
Qd3 Ne5 9. Bxe5 dxe5 10. Qb5+ Kf8 11. Qxe5 Bf6 12. Qc5+ Ne7 13. Rd1 Kg8 14. Nc3
Qd6 15. Qxd6 cxd6 16. Ndb5 g6 17. Rxd6 Kg7 18. Nc7 Rb8 19. N7d5 Bxc3 20. Nxc3
Be6 21. Nb5 Rbc8 22. Nd4 Rhe8 23. c3 Bc4 24. b3 Bd3 25. Ne6+ fxe6 26. Rxd3 Rc7
27. c4 Rec8 28. Rd6 Kf7 29. Rad1 Kf6 30. Rd7 Ke5 31. f3 h5 32. Kf2 Nc6 33. Ke3
Nb4 34. f4+ Kf6 35. e5+ Kf5 36. Rf7+ Rxf7 37. g4+ hxg4 38. Rg1 Rh8 39. h3 Rxh3+
40. Kd4 b6 41. c5 b5 42. c6 Nxc6+ 43. Kc5 Rc3+ 44. Kxb5 Rb7+ 45. Ka4 Rc5 46.
Ka3 Rc2 47. Rxg4 Kxg4 48. f5 Rb6 49. f6 Ra6# 0-1

[Event "Open d'Aubagne 2018-2019"]
[Site "Aubagne"]
[Date "2018.11.24"]
[Round "3.30"]
[White "Blanc, Michel"]
[Black "Rescanieres, Alice"]
[Result "1-0"]
[WhiteElo "1615"]
[BlackElo "1020"]
[PlyCount "129"]
[EventDate "2018.??.??"]
[WhiteTeam "Cercle d'Echecs Aubagnais"]
[BlackTeam "La Ciotat Echecs (LCE)"]

1. d4 d5 2. Bf4 Bf5 3. e3 e6 4. Bd3 Bxd3 5. Qxd3 Bd6 6. Bxd6 Qxd6 7. Nd2 Nf6 8.
Ngf3 Nbd7 9. O-O O-O 10. e4 e5 11. dxe5 Nxe5 12. Nxe5 Qxe5 13. exd5 Nxd5 14.
Rfe1 Qg5 15. Nf3 Qd8 16. Qb5 b6 17. Rad1 c5 18. c4 Nc7 19. Rxd8 Nxb5 20. Rxf8+
Kxf8 21. cxb5 Kg8 22. g3 a6 23. bxa6 h6 24. Rd1 Rxa6 25. a3 b5 26. Ne5 f6 27.
Nf3 b4 28. axb4 cxb4 29. Rd4 Ra1+ 30. Kg2 b3 31. Rb4 g5 32. Rxb3 h5 33. Rb7 f5
34. Nxg5 Ra4 35. h4 f4 36. Rb3 fxg3 37. fxg3 Kg7 38. Rb6 Rd4 39. b4 Rd2+ 40.
Kh3 Rd1 41. b5 Rh1+ 42. Kg2 Rb1 43. Rb7+ Kf6 44. b6 Rb2+ 45. Kh3 Ke5 46. Re7+
Kd4 47. b7 Kd3 48. Nh7 Rxb7 49. Rxb7 Ke2 50. Rf7 Ke3 51. Rf4 Kd3 52. Nf6 Ke3
53. Nxh5 Kd2 54. Nf6 Ke3 55. Ng4+ Ke2 56. h5 Kd3 57. h6 Kc3 58. h7 Kd3 59. Rf7
Kd4 60. h8=Q+ Kd3 61. Qe8 Kd2 62. Rd7+ Kc3 63. Qc8+ Kb4 64. Rb7+ Ka5 65. Qa8#
1-0

[Event "Open d'Aubagne 2018-2019"]
[Site "Aubagne"]
[Date "2018.11.24"]
[Round "3.31"]
[White "Lecomte, Gael"]
[Black "Shelar, Rujuta"]
[Result "1-0"]
[WhiteElo "1249"]
[BlackElo "1240"]
[PlyCount "58"]
[EventDate "2018.??.??"]
[WhiteTeam "L'Echiquier du Roy René"]
[BlackTeam "L'Echiquier du Roy René"]

1. d4 d5 2. Nf3 Nc6 3. c3 Bf5 4. Bf4 Nf6 5. e3 e6 6. Ne5 Nxe5 7. dxe5 Ne4 8. f3
Nc5 9. Nd2 Be7 10. Be2 Qd7 11. b4 Nd3+ 12. Bxd3 Bxd3 13. Nb3 Bc4 14. e4 O-O 15.
exd5 exd5 16. Qc2 b6 17. Nd2 Rad8 18. Rd1 Qc8 19. Nxc4 dxc4 20. O-O c6 21. Qe4
h6 22. Qxc4 b5 23. Qe4 Qc7 24. Rc1 Rfe8 25. Qe2 a6 26. c4 Bd6 27. cxb5 axb5 28.
Qxb5 Bxe5 29. Bxe5 Rxe5 1-0

[Event "Open d'Aubagne 2018-2019"]
[Site "Aubagne"]
[Date "2018.11.24"]
[Round "3.32"]
[White "Bartolini, Manuela"]
[Black "Biglia, Michel"]
[Result "0-1"]
[WhiteElo "1080"]
[BlackElo "1232"]
[PlyCount "108"]
[EventDate "2018.??.??"]
[WhiteTeam "Cercle d'Echecs Aubagnais"]
[BlackTeam "Cercle d'Echecs Aubagnais"]

1. d4 e6 2. Nf3 Be7 3. Bf4 Nf6 4. e3 c6 5. c3 d5 6. Nbd2 h6 7. Ne5 O-O 8. Be2
Nbd7 9. Bf3 Nxe5 10. dxe5 Nd7 11. Qc2 b6 12. b3 Ba6 13. b4 Rc8 14. Qa4 Nb8 15.
Rc1 Qe8 16. Be2 c5 17. b5 c4 18. Rb1 Rc5 19. Bxc4 dxc4 20. Ne4 Rxb5 21. O-O
Rxb1 22. Qxe8 Rxf1+ 23. Kxf1 Rxe8 24. g4 Bb7 25. Nd2 b5 26. Ke2 f6 27. f3 fxe5
28. Bg3 Ba3 29. Bxe5 Bc1 30. Nf1 Rd8 31. Bd4 Nc6 32. Kd1 Nxd4 33. cxd4 Ba3 34.
Ke1 e5 35. Ng3 exd4 36. exd4 Rxd4 37. Nf5 Rd7 38. Kf2 c3 39. Ne3 Bc5 40. Ke2
Bxe3 41. Kxe3 c2 42. Kf4 c1=Q+ 43. Kg3 g5 44. h4 Bxf3 45. Kxf3 Qc3+ 46. Ke4 Qc5
47. h5 Rd4+ 48. Kf3 Qc3+ 49. Ke2 Rxg4 50. Kf2 Rb4 51. Ke2 Rb2+ 52. Kd1 Rh2 53.
a4 Qa3 54. Ke1 Qa1# 0-1

[Event "Open d'Aubagne 2018-2019"]
[Site "Aubagne"]
[Date "2018.11.24"]
[Round "3.33"]
[White "Corchia, Joseph"]
[Black "Madi, Mohammed"]
[Result "0-1"]
[WhiteElo "1399"]
[BlackElo "1090"]
[PlyCount "92"]
[EventDate "2018.??.??"]
[WhiteTeam "Cercle d'Echecs Aubagnais"]
[BlackTeam "La Ciotat Echecs (LCE)"]

1. e4 c5 2. c3 Nc6 3. Nf3 Nf6 4. d3 g6 5. Be2 Bg7 6. Bd2 O-O 7. O-O d6 8. Na3
Bg4 9. Nc4 b5 10. Ne3 Bd7 11. d4 cxd4 12. cxd4 Nxe4 13. Qc2 Nxd2 14. Qxd2 e5
15. d5 Ne7 16. Rab1 Nf5 17. Nxf5 Bxf5 18. Rbc1 Be4 19. Qb4 Bxd5 20. Qxb5 Bxa2
21. b3 Rb8 22. Qa6 Bxb3 23. Qxa7 Bh6 24. Rb1 Be6 25. Rxb8 Qxb8 26. Qa6 Rc8 27.
Ne1 Qc7 28. g3 Bh3 29. Ng2 Qc5 30. Rd1 Bf8 31. Ne3 Rd8 32. Qa2 Bh6 33. Nd5 Be6
34. Bc4 Kg7 35. Qe2 Rc8 36. Ba2 Qa5 37. Bb3 Rc5 38. Qf3 f5 39. g4 e4 40. Qg3
Bxd5 41. Qxd6 Bxb3 42. Qe7+ Kh8 43. Rd8+ Bg8 44. Qe8 Qa2 45. Kg2 Rc2 46. Qe5+
Bg7 0-1

[Event "Open d'Aubagne 2018-2019"]
[Site "Aubagne"]
[Date "2018.11.24"]
[Round "3.34"]
[White "Periale, Francine"]
[Black "Innocenti, Georges"]
[Result "1-0"]
[WhiteElo "1052"]
[BlackElo "1399"]
[PlyCount "62"]
[EventDate "2018.??.??"]
[WhiteTeam "Cercle d'Echecs Aubagnais"]
[BlackTeam "Cercle d'Echecs Aubagnais"]

1. d4 d5 2. Bf4 e6 3. e3 Bd6 4. Bg3 Bxg3 5. hxg3 Nf6 6. Bd3 O-O 7. Nf3 g6 8.
Nc3 Nc6 9. O-O Re8 10. Re1 Nb4 11. Bf1 b6 12. Nd2 Ba6 13. Bxa6 Nxa6 14. f3 c5
15. dxc5 bxc5 16. Qe2 c4 17. e4 dxe4 18. Ncxe4 Nxe4 19. Nxe4 Kh8 20. Qxc4 Qb6+
21. Kf1 Rac8 22. Qe2 Nb8 23. b3 Qa6 24. c4 Rcd8 25. g4 Nd7 26. Rad1 Nc5 27.
Rxd8 Rxd8 28. Nxc5 Qb6 29. Qe5+ Kg8 30. g5 Qd6 31. Qxd6 Rxd6 1-0

[Event "Open d'Aubagne 2018-2019"]
[Site "Aubagne"]
[Date "2018.11.24"]
[Round "3.35"]
[White "Bhutra, Patricia"]
[Black "Lopez, Marcel"]
[Result "1-0"]
[WhiteElo "1010"]
[BlackElo "1399"]
[PlyCount "114"]
[EventDate "2018.??.??"]
[WhiteTeam "Club Provence Echecs"]
[BlackTeam "Cassis Echecs"]

1. e4 e5 2. Nf3 Ne7 3. Bc4 Ng6 4. g3 Be7 5. c3 b6 6. d4 d6 7. d5 Bb7 8. Nbd2
Nd7 9. b4 Nf6 10. Nh4 Qd7 11. Nxg6 hxg6 12. a4 O-O-O 13. Bb5 c6 14. dxc6 Bxc6
15. Ba6+ Kc7 16. Qe2 Kb8 17. a5 Qc7 18. axb6 Qxb6 19. Bc4 Kc7 20. Bxf7 Be8 21.
Bc4 Ra8 22. f4 Nd7 23. fxe5 Nxe5 24. Bd5 Bc6 25. Nc4 Nxc4 26. Qxc4 Rab8 27.
Bxc6 Qxc6 28. Qxc6+ Kxc6 29. Bf4 g5 30. Be3 a6 31. O-O Bf6 32. Bd4 Rhf8 33.
Bxf6 Rxf6 34. Rxf6 gxf6 35. Rf1 Rf8 36. Kg2 Kb5 37. h4 gxh4 38. gxh4 Kc4 39.
Rf3 Rg8+ 40. Kh3 Rf8 41. h5 d5 42. exd5 Kxd5 43. Kh4 Ke4 44. Rf1 f5 45. h6 f4
46. Kh5 Kf5 47. h7 Rh8 48. Kh6 Kg4 49. Kg7 Rxh7+ 50. Kxh7 f3 51. Rg1+ Kf4 52.
c4 Ke3 53. Re1+ Kd2 54. Rb1 f2 55. c5 Ke2 56. c6 f1=Q 57. Rxf1 Kxf1 1-0

[Event "Open d'Aubagne 2018-2019"]
[Site "Aubagne"]
[Date "2018.11.24"]
[Round "3.37"]
[White "Nasri, Alexandre"]
[Black "Prasant, Krishnan"]
[Result "1-0"]
[WhiteElo "1399"]
[BlackElo "1060"]
[PlyCount "77"]
[EventDate "2018.??.??"]
[WhiteTeam "Cercle d'Echecs Aubagnais"]
[BlackTeam "Cassis Echecs"]

1. e4 e5 2. Nf3 Nc6 3. Bc4 Bc5 4. O-O Nf6 5. Nc3 O-O 6. Qe1 d6 7. h3 Be6 8. Nd5
Nb4 9. Bb3 Nbxd5 10. exd5 Nxd5 11. c3 Nb6 12. Bxe6 fxe6 13. d4 exd4 14. Qxe6+
Kh8 15. cxd4 Re8 16. Qg4 Bxd4 17. Qxd4 Rf8 18. Bg5 Qe8 19. Rfe1 Qg6 20. Re7
Rac8 21. Rae1 Rxf3 22. Qe4 Rff8 23. f4 Qxe4 24. R1xe4 h6 25. Bh4 Nd5 26. f5
Nxe7 27. Rxe7 Rxf5 28. g4 Rb5 29. b3 Rd5 30. Kf2 Rd2+ 31. Kf3 Rxa2 32. Kf4 g5+
33. Kf5 Ra5+ 34. Kf6 Rf8+ 35. Kg6 Rg8+ 36. Kxh6 Rd8 37. Bxg5 Rxg5 38. Kxg5 d5
39. Rxc7 1-0

[Event "Open d'Aubagne 2018-2019"]
[Site "Aubagne"]
[Date "2018.11.24"]
[Round "3.38"]
[White "Autouard, Jean-Luc"]
[Black "Catanese, Sauveur"]
[Result "1-0"]
[WhiteElo "1216"]
[BlackElo "1047"]
[PlyCount "84"]
[EventDate "2018.??.??"]
[WhiteTeam "Cercle d'Echecs Aubagnais"]
[BlackTeam "Cercle d'Echecs Aubagnais"]

1. e4 d6 2. Nc3 g6 3. f4 Bg7 4. Bc4 e6 5. Nf3 c6 6. d4 b5 7. Bb3 Qa5 8. O-O Qd8
9. f5 exf5 10. Qe1 Ne7 11. exf5 Bxf5 12. Ng5 d5 13. Qh4 Bxd4+ 14. Qxd4 Qb6 15.
Be3 Qxd4 16. Bxd4 O-O 17. a4 Nd7 18. Rae1 Nc8 19. axb5 c5 20. Bf2 c4 21. Ba2
Bxc2 22. Re7 Nxe7 23. Re1 Rfe8 24. Re3 Nf5 25. Rh3 h5 26. g4 Nh6 27. gxh5 f6
28. Nf3 g5 29. Nxd5 g4 30. Rg3 Bd1 31. Nh4 Re5 32. Bxc4 Kg7 33. Nf4 Rae8 34.
Nhg6 Re4 35. Bd3 Rb4 36. Nd5 Rxb2 37. Nde7 Ra2 38. Re3 Ra1 39. Nf5+ Nxf5 40.
Rxe8 Bf3+ 41. Bf1 Nh6 42. Re7+ Nf7 1-0

[Event "Open d'Aubagne 2018-2019"]
[Site "Aubagne"]
[Date "2018.11.24"]
[Round "3.39"]
[White "Turpin, Isabelle"]
[Black "Belaid, Myriam"]
[Result "1-0"]
[WhiteElo "1192"]
[BlackElo "1040"]
[PlyCount "57"]
[EventDate "2018.??.??"]
[WhiteTeam "Cercle d'Echecs Aubagnais"]
[BlackTeam "Club Provence Echecs"]

1. d4 d6 2. c4 Nf6 3. Nc3 c6 4. e4 e5 5. d5 Nbd7 6. Be3 Qc7 7. Be2 Be7 8. g4
O-O 9. g5 Ne8 10. h4 b6 11. Qd2 a5 12. O-O-O Ba6 13. Nf3 f6 14. Rdg1 c5 15.
gxf6 Ndxf6 16. Bh6 Kf7 17. Rxg7+ Nxg7 18. Bxg7 Kxg7 19. Qg5+ Kf7 20. h5 Rg8 21.
Qh6 Nd7 22. Qe6+ Kf8 23. Qh6+ Rg7 24. Rg1 Bg5+ 25. Rxg5 Ke7 26. Qxg7+ Kd8 27.
Qg8+ Ke7 28. Rg7+ Kf6 29. Qf7# 1-0

[Event "Open d'Aubagne 2018-2019"]
[Site "Aubagne"]
[Date "2018.11.24"]
[Round "3.40"]
[White "Couillaud, Gabriel"]
[Black "Cayrou, Kylian"]
[Result "1-0"]
[WhiteElo "1140"]
[BlackElo "1020"]
[PlyCount "53"]
[EventDate "2018.??.??"]
[WhiteTeam "L'Echiquier du Roy René"]
[BlackTeam "Marseille-Echecs"]

1. e4 e5 2. Nf3 Nc6 3. Nc3 Nf6 4. Bc4 Bc5 5. d3 O-O 6. Bg5 h6 7. Bh4 d6 8. O-O
Be6 9. Nd5 Bxd5 10. Bxd5 Nb4 11. c4 Nbxd5 12. exd5 Qe7 13. d4 Bb4 14. Qb3 a5
15. c5 Rfd8 16. a3 Bxc5 17. dxc5 dxc5 18. Rae1 Re8 19. Nxe5 Qd8 20. Ng4 c6 21.
Nxf6+ gxf6 22. Qg3+ Kf8 23. Qf4 cxd5 24. Qxh6+ Kg8 25. Rxe8+ Qxe8 26. Bxf6 Qe6
27. Qh8# 1-0

[Event "Open d'Aubagne 2018-2019"]
[Site "Aubagne"]
[Date "2018.11.24"]
[Round "3.41"]
[White "Pignol, Jeanne"]
[Black "Deroual, Alexandre"]
[Result "0-1"]
[WhiteElo "1020"]
[BlackElo "1130"]
[PlyCount "68"]
[EventDate "2018.??.??"]
[WhiteTeam "Cercle d'Echecs Aubagnais"]
[BlackTeam "La Ciotat Echecs (LCE)"]

1. e4 d6 2. Nc3 Nf6 3. f4 g6 4. Nf3 e5 5. fxe5 dxe5 6. Nxe5 Qd4 7. Nf3 Qb4 8.
e5 Nfd7 9. Nd5 Qe4+ 10. Ne3 Nxe5 11. Bd3 Nxd3+ 12. cxd3 Qxd3 13. Qa4+ Bd7 14.
Qd1 Bg7 15. Qb3 Bb5 16. Qxd3 Bxd3 17. Nd5 Nc6 18. Nxc7+ Kd7 19. Nxa8 Ne5 20.
Nxe5+ Bxe5 21. a4 Re8 22. Ra3 Bxb2+ 23. Kd1 Bxa3 24. Bxa3 Rxa8 25. Rf1 Bxf1 26.
g3 Re8 27. h4 Bd3 28. Kc1 Rc8+ 29. Kb2 Rc2+ 30. Kb3 Kc6 31. Kb4 b6 32. a5 bxa5+
33. Kxa5 Ra2 34. Kb4 Bc2 0-1

[Event "Open d'Aubagne 2018-2019"]
[Site "Aubagne"]
[Date "2018.11.24"]
[Round "3.42"]
[White "Dektiannikov, Artiom"]
[Black "De Laurentis, Pierre"]
[Result "1-0"]
[WhiteElo "1129"]
[BlackElo "1020"]
[PlyCount "37"]
[EventDate "2018.??.??"]
[WhiteTeam "Cassis Echecs"]
[BlackTeam "Cassis Echecs"]

1. d4 d6 2. c4 Nf6 3. g3 g6 4. Bg2 Bg7 5. Nc3 O-O 6. e4 c6 7. Nh3 Qc7 8. O-O
Be6 9. d5 Bg4 10. f3 Bh5 11. g4 Qb6+ 12. Nf2 Nbd7 13. gxh5 gxh5 14. Bg5 Qb4 15.
Qb3 Qc5 16. Bxf6 Bxf6 17. Qxb7 Nb6 18. Qxc6 Qe3 19. Rfe1 1-0